书目信息 |
| 题名: |
现代英语惯用法词典
|
|
| 作者: | 黄勇民 编著 | |
| 分册: | ||
| 出版信息: | 上海 复旦大学出版社 2006.06 |
|
| 页数: | 1063页 | |
| 开本: | 21cm | |
| 丛书名: | ||
| 单 册: | ||
| 中图分类: | H314-61 | |
| 科图分类: | ||
| 主题词: | 英语--ying yu--语法--词典 | |
| 电子资源: | ||
| ISBN: | 7-309-04550-5 | |
| 000 | 00870nam0 2200229 450 | |
| 001 | 012006855640 | |
| 005 | 20061129152442.50 | |
| 010 | @a7-309-04550-5@b精装@dCNY58.00 | |
| 100 | @a20061110d2006 km y0chiy0120 ea | |
| 101 | 0 | @achi@aeng |
| 102 | @aCN@b310000 | |
| 105 | @ay e 000yy | |
| 200 | 1 | @a现代英语惯用法词典@Axian dai ying yu guan yong fa ci dian@d= A Dictionary of Current English Usage@f黄勇民编著@Fhuang yong min bian zhu@zeng |
| 210 | @a上海@c复旦大学出版社@d2006.06 | |
| 215 | @a1063页@d21cm | |
| 330 | @a本书从英语语法学习的角度阐述英语中的习惯用法,以词为基础单位,引出相关词组,配备丰富、必要的例证,便于读者理解和正确使用。 | |
| 510 | 1 | @aDictionary of Current English Usage@zeng |
| 606 | 0 | @a英语@Aying yu@x语法@j词典 |
| 690 | @aH314-61@v4 | |
| 701 | 0 | @a黄勇民@Ahuang yong min@4编著 |
| 801 | 0 | @aCN@c20061129 |
| 905 | @a10447@dH314-61@eH914 | |
| 现代英语惯用法词典= A Dictionary of Current English Usage/黄勇民编著.-上海:复旦大学出版社,2006.06 |
| 1063页;21cm |
| ISBN 7-309-04550-5(精装):CNY58.00 |
| 本书从英语语法学习的角度阐述英语中的习惯用法,以词为基础单位,引出相关词组,配备丰富、必要的例证,便于读者理解和正确使用。 |
| ● |
| 相关链接 |
|
|
|
正题名:现代英语惯用法词典
索取号:H314-61/H914
 
预约/预借
| 序号 | 登录号 | 条形码 | 馆藏地/架位号 | 状态 | 备注 |
| 1 | 226874 | 202268740 | 外国语学院资料室/209语言库 35排7列1层/ [索取号:H314-61/H914] | 在馆 | |
| 2 | 226875 | 202268759 | 语言库209/209语言库 35排7列1层/ [索取号:H314-61/H914] | 在馆 | |
| 3 | 226876 | 202268768 | 语言库209/209语言库 35排7列1层/ [索取号:H314-61/H914] | 在馆 |